Füst Milán A feleségem története Martin Buber Én és te című művének tükrében /
Elmentve itt :
| Szerző: | |
|---|---|
| További közreműködők: | |
| Dokumentumtípus: | Szakdolgozat |
| Megjelent: |
1995
|
| Tárgyszavak: | |
| Online Access: | http://diploma.bibl.u-szeged.hu/43975 |
| LEADER | 00595nta a2200157 i 4500 | ||
|---|---|---|---|
| 001 | dipl43975 | ||
| 005 | 20140910145207.0 | ||
| 008 | 140910s1995 hu om 0|| zxx d | ||
| 040 | |a SZTE Diploma Repozitórium |b hun | ||
| 041 | |a zxx | ||
| 100 | 1 | |a Szilágyi Judit | |
| 245 | 1 | 0 | |a Füst Milán |h [elektronikus dokumentum] : |b A feleségem története Martin Buber Én és te című művének tükrében / |c Judit Szilágyi |
| 260 | |c 1995 | ||
| 650 | 4 | |a Bölcsészettudományok | |
| 700 | 1 | |a Kovács András |e ths | |
| 856 | 4 | 0 | |u http://diploma.bibl.u-szeged.hu/id/eprint/43975/1/1995_szilagyi_judit.pdf |z Dokumentum-elérés |